[Event "Dubai The Arbor blitz op"]
[Site "Dubai"]
[Date "2019.04.12"]
[Round "1"]
[White "Mendonca, Leon Luke"]
[Black "Chellani, Chirag"]
[Result "1-0"]
[WhiteElo "1985"]
[BlackElo "1161"]
[PlyCount "67"]
[EventDate "2019.04.12"]
[EventType "swiss (blitz)"]
[EventRounds "9"]
[EventCountry "UAE"]
[SourceTitle "CBM 189 Extra"]
[Source "ChessBase"]
[SourceDate "2019.06.03"]
[SourceVersion "1"]
[SourceVersionDate "2019.06.03"]
[SourceQuality "1"]

1. d4 Nf6 2. c4 d5 3. cxd5 Nxd5 4. Nf3 Bf5 5. Nc3 Nxc3 6. bxc3 e6 7. e3 Nc6 8. Be2 Bd6 9. 0-0 0-0 10. a4 a6 11. Ba3 Bxa3 12. Rxa3 Qd6 13. Ra1 h6 14. Nd2 Qe7 15. Bf3 Rad8 16. Qb3 e5 17. Qxb7 e4 18. Qxc6 exf3 19. Qxf3 c5 20. Qxf5 cxd4 21. cxd4 Qb4 22. Nf3 g6 23. Qc5 Qb7 24. Rab1 Qe4 25. h3 Rd5 26. Qc6 a5 27. Rb5 Rfd8 28. Rxa5 f5 29. Qxg6+ Kh8 30. Qxh6+ Kg8 31. Ng5 Qe7 32. Qg6+ Kf8 33. Rxd5 Rxd5 34. Ne6+ 1-0